[Event "It (cat.7)"]
[Site "masterchessopen.com Pinamar (Argentina)"]
[Round "5"]
[White "Flores Diego (ARG)"]
[Black "Giardelli Sergio C (ARG)"]
[Result "1-0"]
[WhiteElo "2512"]
[BlackElo "2413"]

{ Giardelli Sergio C (ARG) +0 =1 -1 } 1.d4 Nf6 2.c4 e6 3.Nc3 Bb4 4.e3 c5 5.Ne2
cxd4 6.exd4 O-O ( 6...d5 7.a3 Be7 8.Nf4 dxc4 9.Bxc4 O-O 10.O-O Nbd7 11.Re1 Nb6
12.Ba2 Bd7 13.d5 Nbxd5 14.Nfxd5 exd5 15.Nxd5 Nxd5 16.Bxd5 Bf6 17.Bxb7 Rb8
18.Qf3 Qa5 19.Bf4 Bxb2 20.Bxb8 Bxa1 21.Rxa1 Rxb8 22.Bd5 Be6 { 1/2-1/2, Diaz
Nahuel 2416 - Giardelli Sergio C 2432 , Buenos Aires 2003 It (open) } ) 7.a3
Be7 8.Nf4 d5 9.cxd5 Nxd5 10.Ncxd5 exd5 11.Bd3 Bf6 ( 11...Nc6 12.O-O Bg5 13.Re1
h6 14.Bc2 Qd6 15.g3 Rd8 16.h4 Bxf4 17.Bxf4 Qf6 18.Bc7 Be6 19.Be5 Nxe5 20.dxe5
Qe7 21.Qd3 g6 22.Qd4 { 1/2-1/2, Khalifman Alexander 2667 - Anand Viswanathan
2762 , New Delhi 2000 Ch World FIDE (KO-system) (play-off) } ) 12.O-O Nc6
13.Be3 g6 14.Rc1 { = } 14...Qd6 15.Bb1 { +0.41 CAP } ( 15.Rc5 Be6 16.Nxe6 fxe6
17.Qa4 Nxd4 18.Bxd4 Qf4 19.Qd7 Bxd4 20.Qxe6+ Kh8 21.Rc2 Rad8 22.g3 Qf3 23.Qe2
Rde8 24.Qxf3 Rxf3 25.Rd1 Ref8 26.Rdd2 Bb6 27.Bf1 Be3 28.fxe3 Rxf1+ 29.Kg2 Re1
30.Rc7 Rb8 31.Rxd5 Rxe3 32.Rdd7 Rb3 33.Rxh7+ Kg8 34.Rcg7+ Kf8 { ...1-0,
Giorgadze Giorgi 2625 - Gomez Esteban Juan Mario 2490 , Elgoibar 1997 It
(cat.10) } ) ( 15.Qf3 Rd8 16.Ne2 Bg7 17.Rfd1 Be6 18.h3 Rac8 19.g4 Rf8 20.Bb5
a6 21.Bxc6 Rxc6 22.Rxc6 Qxc6 23.Nc3 h6 24.Qg3 Qd7 25.Bf4 Rc8 26.Be5 f6 27.Bd6
Rc6 28.Bf4 g5 29.Bb8 Rc8 30.Re1 f5 31.Be5 Bf8 32.gxf5 Bxf5 33.Qf3 Rxc3 34.Qxc3
Bxh3 { ...1-0, Koen Maja 2233 - Botsari Anna-Maria 2341 , Manila 1992 Olympiad
} ) 15...Rd8 { N } ( 15...Be6 16.Re1 ( 16.Qd2 Rfe8 17.Ba2 Bg7 18.Rc5 b6 19.Rc2
Rac8 { 1/2-1/2, Buss Ralph 2308 - Ekstroem Roland 2450 , Switzerland 21.
3.2004 Ch Switzerland (team) 2004 } ) 16...Rfe8 ( 16...Bg7 17.Nxe6 fxe6 18.Qg4
e5 19.dxe5 Nxe5 20.Qg3 d4 21.Bd2 a5 22.Kh1 Kh8 23.Bf4 Rac8 24.Rcd1 Rfe8 25.Re4
Re7 26.h3 Rce8 27.Rdxd4 Qb6 28.Rd2 Nc6 29.Be3 Qb5 30.Bd3 Qb3 31.Rxe7 Rxe7
32.Qh4 Qe6 33.Bc4 Qe5 34.Qg4 Qc7 35.Bb5 { ...0-1, Lomineishvili Maia 2429 -
Khukhashvili Sopiko 2256 , Tbilisi 4.12.2004 It (w) } ) 17.Qd2 Rac8 18.h3 b6
19.b4 a5 20.b5 Na7 21.a4 Rxc1 22.Rxc1 Rc8 23.Ba2 Qd7 24.Rc3 Kg7 25.Qc1 Rxc3
26.Qxc3 Bd8 27.Bb3 Bf6 28.Qc2 Nc8 29.Qc6 Qxc6 30.bxc6 Na7 31.c7 Be7 32.Bxd5
Bd7 33.Bb7 Bxa4 34.Nd5 Bd6 35.Nxb6 { ...1-0, Timman Jan H 2639 - Ravi
Thandalam Shanmugam 2385 , Amsterdam 2000 It (open) "Lost Boys" } ) 16.Rc5 Ne7
17.Qf3 b6 18.Rc3 Bf5 19.Nh5 Bh8 20.Bf4 Qd7 21.Rc7 Qe6 22.Rxe7 Qxe7 23.Bxf5
gxh5 { ? } ( 23...Bxd4 24.Qg3 Kh8 25.Bg5 f6 26.Qh4 Bxb2 27.Nxf6 gxf5 28.Nxd5
Qd6 { } ) 24.Qxh5 f6 25.Rd1 Re8 26.h3 Rad8 27.Rd3 Qf7 28.Rg3+ Kf8 29.Bh6+ { }
{#r} 1-0

[Event "Bundesliga B East 2006/07"]
[Site "masterchessopen.com Austria"]
[Date "2006.11.05"]
[Round "5"]
[White "Kleiser Gregor (AUT)"]
[Black "Hodisch Juri"]
[Result "1-0"]
[WhiteElo "2276"]
[BlackElo "2313"]

1.d4 Nf6 2.c4 e6 3.Nc3 Bb4 4.e3 c5 5.Ne2 cxd4 6.exd4 O-O 7.a3 Be7 8.Nf4 d5
9.cxd5 Nxd5 10.Ncxd5 exd5 11.Be2 Nc6 12.Bf3 Bf6 13.Be3 Be6 14.O-O Qd6 15.Qd2
g6 16.b4 Rfc8 17.Rfe1 Rd8 18.h3 Ne7 19.Nxe6 Qxe6 20.Rac1 Qb6 21.Bg5 Nf5
22.Bxf6 Qxf6 23.Re5 Nh4 24.Bxd5 Rd7 25.Rce1 Rad8 26.Qh6 Rf8 27.Re8 Qd6 28.R1e7
{#r} 1-0

[Event "It (open)"]
[Site "masterchessopen.com Cerdaniola del Valles (Spain)"]
[Date "2006.11.11"]
[Round "7"]
[White "Guasch Sariol Jaume (ESP)"]
[Black "Lanau Garcia Francesc (ESP)"]
[Result "1-0"]
[WhiteElo "2082"]
[BlackElo "1889"]

1.d4 Nf6 2.c4 e6 3.Nc3 Bb4 4.e3 c5 5.Ne2 b6 6.a3 Ba5 7.Bd2 Na6 8.Nf4 Bxc3
9.Bxc3 Ne4 10.Qf3 Bb7 11.Bd3 f5 12.Bxe4 Bxe4 13.Qh5+ Ke7 14.d5 Qf8 15.O-O-O
exd5 16.Nxd5+ Bxd5 17.Rxd5 g6 18.Qg5+ Ke8 19.Rhd1 Nb8 20.Bf6 a6 21.Re5+ Kf7
22.Bxh8 {#r} 1-0

[Event "Ch Asia (juniors) (under 20)"]
[Site "masterchessopen.com Delhi (India)"]
[Date "2006.11.12"]
[Round "7"]
[White "Swayams Mishra (IND)"]
[Black "Lalith Babu M R (IND)"]
[Result "0-1"]
[WhiteElo "2150"]
[BlackElo "2292"]

1.d4 Nf6 2.c4 e6 3.Nc3 Bb4 4.e3 c5 5.Ne2 d5 6.a3 Bxc3+ 7.Nxc3 cxd4 8.exd4 dxc4
9.Bxc4 Nc6 10.Be3 O-O 11.O-O b6 12.Rc1 Bb7 13.h3 Rc8 14.Ba2 h6 15.Qd2 Ne7
16.Bb1 Ned5 17.Rfd1 Nxe3 18.fxe3 Re8 19.e4 e5 20.d5 Rf8 21.Qf2 Ne8 22.Qg3 Qe7
23.Nb5 Rxc1 24.Rxc1 a6 25.Nc3 Nd6 26.Na4 f5 27.Nxb6 fxe4 28.Qg4 {#R} 0-1

[Event "Ch France (team) (nat.2) 2006/07"]
[Site "masterchessopen.com France"]
[Date "2006.11.26"]
[Round "3"]
[White "Frih Ameur (FRA)"]
[Black "Gollain Marc (FRA)"]
[Result "0-1"]
[WhiteElo "2176"]
[BlackElo "2193"]

1.d4 Nf6 2.c4 e6 3.Nc3 Bb4 4.e3 c5 5.Ne2 b6 6.a3 Ba5 7.Rb1 Na6 8.dxc5 bxc5
9.Bd2 O-O 10.Nf4 Bb7 11.Bd3 d5 12.cxd5 exd5 13.O-O c4 14.Be2 Nc5 15.Bf3 Bc7
16.Nce2 Qd6 17.Nd4 a6 18.Bc3 g6 19.b3 Nfe4 20.Bxe4 Nxe4 21.Bb4 Qf6 22.Bxf8
Rxf8 23.Nfe2 c3 24.Rc1 Qd6 25.f4 Qxa3 26.Nxc3 Nxc3 27.Rxc3 Bb6 28.b4 Qxc3 {#R}
0-1

[Event "It (open) \"]
[Site "masterchessopen.com Estartit (Spain)"]
[Date "2006.12.29"]
[Round "2"]
[White "Gerber Richard (SUI)"]
[Black "Delchev Aleksander (BUL)"]
[Result "1-0"]
[WhiteElo "2365"]
[BlackElo "2628"]

1.d4 Nf6 2.c4 e6 3.Nc3 Bb4 4.e3 c5 5.Ne2 b6 6.a3 Ba5 7.Bd2 O-O 8.Ng3 d5 9.cxd5
cxd4 10.exd4 Bxc3 11.bxc3 exd5 12.Be2 Ba6 13.Bxa6 Nxa6 14.O-O Nc7 15.Qf3 Ne6
16.Rfe1 a5 17.Re5 Ra7 18.h4 Rd7 19.Rae1 Kh8 20.Rf5 Re7 21.h5 Rfe8 22.Re2 Ne4
23.Nxe4 dxe4 24.Rxe4 f6 25.h6 Ng5 26.hxg7+ Kg8 27.Bxg5 Rxe4 28.Rxf6 Re1+
29.Kh2 Qc7+ 30.g3 Qxg7 31.Qd5+ Kh8 32.Rf7 {#r} 1-0

[Event "It (open)"]
[Site "masterchessopen.com Zupanja (Croatia)"]
[Date "2007.01.07"]
[Round "6"]
[White "Milanovic Danilo (SRB)"]
[Black "Ivanisevic Ivan (SRB)"]
[Result "0-1"]
[WhiteElo "2497"]
[BlackElo "2607"]

1.d4 Nf6 2.c4 e6 3.Nc3 Bb4 4.e3 c5 5.Ne2 b6 6.a3 Ba5 7.g3 Bb7 8.d5 b5 9.b4
cxb4 10.Nxb5 b3+ 11.Bd2 Ne4 12.Nec3 Nxd2 13.Qxd2 d6 14.Nd4 exd5 15.Bg2 Nd7
16.Nxb3 d4 {#R} 0-1

[Event "Memorial P.Keres"]
[Site "masterchessopen.com Tallinn (Estonia)"]
[Date "2007.01.10"]
[Round "7"]
[White "Kulaots Kaido (EST)"]
[Black "Ivanov Sergey_ (RUS)"]
[Result "0-1"]
[WhiteElo "2547"]
[BlackElo "2532"]

{ Ivanov Sergey_ (RUS) +1 =2 -1 } 1.d4 Nf6 2.c4 e6 3.Nc3 Bb4 4.e3 c5 5.Ne2
cxd4 6.exd4 O-O ( 6...d5 7.a3 Be7 8.Nf4 Nc6 9.cxd5 Nxd5 10.Ncxd5 exd5 11.Be3
O-O 12.Bd3 Bg5 13.O-O { 1/2-1/2, Dydyshko Viacheslav 2516 - Ivanov Sergey_
2556 , Glogow 2001 Ch Poland (team) } ) 7.a3 Be7 8.d5 exd5 9.cxd5 { ?/= }
9...Bc5 ( 9...Re8 10.d6 Bf8 11.g3 Re6 12.Bg2 Rxd6 13.Qc2 Nc6 14.O-O Re6 15.Nf4
Re8 16.b4 d6 17.Bb2 Bd7 18.Ncd5 Nxd5 19.Bxd5 Rc8 20.Qb3 Re7 21.Rad1 b5 22.Bg2
Re8 23.Bd5 Re7 24.Bg2 Ne5 25.Rxd6 Nc4 26.Rdd1 Qe8 27.Bd4 Bc6 28.Bc5 Re5
29.Bxf8 { ...0-1, Gligoric Svetozar 2565 - Karpov Anatoly 2725 , Bugojno 1980
It (cat.15) } ) 10.Na4 d6 11.Nec3 ( 11.b4 Bb6 12.Nxb6 Qxb6 13.Be3 Qd8 14.h3
Nbd7 15.Nc3 a5 16.Be2 Nb6 17.Rc1 Bd7 18.O-O axb4 19.axb4 Na4 20.Qd4 Re8 21.Bf3
h6 22.Bf4 Bf5 23.Nb5 Be4 24.Nxd6 Bxf3 25.Nxe8 Qxe8 26.gxf3 Qd7 27.d6 Qxh3
28.Bg3 Qf5 29.Rc7 Rd8 30.Kg2 b5 { ...1-0, Lovass Imre 2282 - Lukacs Peter 2420
, Kecskemet 1979 It } ) ( 11.Nxc5 dxc5 12.Nc3 b6 13.Be2 Bb7 14.O-O Nbd7 15.Bf4
Re8 16.Re1 a6 17.a4 Ne5 18.Bxa6 Rxa6 19.Rxe5 Rxe5 20.Bxe5 Nxd5 21.Qd3 f6
22.Bxf6 gxf6 23.Rd1 b5 24.Nxd5 Bxd5 25.Qxd5+ Qxd5 26.Rxd5 Rxa4 { 1/2-1/2,
Chernin Alexander 2475 - Shereshevski Mikhail 2475 , Moscow 1984 Ch URS (team)
} ) 11...Bg4 ( 11...a6 12.Nxc5 dxc5 13.Be2 b5 14.O-O Bb7 15.Bf3 Nbd7 16.Re1
Re8 17.Bg5 Rxe1+ 18.Qxe1 Qb6 19.Rd1 Re8 20.Qd2 b4 21.Bxf6 Nxf6 22.axb4 cxb4
23.Ne2 Qd6 24.Ng3 g6 25.h4 h5 26.Nf1 Nd7 27.Ne3 Rc8 28.Qd4 Ne5 29.Be2 Rc7
30.b3 Kh7 31.Bc4 { ...0-1, Shulman Yuri 2510 - Engqvist Thomas 2355 ,
Stockholm 1997 Cup Rilton } ) 12.f3 Bf5 { +0.76 CAP } 13.Be2 Nbd7 { N } (
13...Bb6 14.Qb3 Nbd7 15.Nxb6 Nc5 16.Qb4 Re8 17.O-O axb6 18.Bg5 h6 19.Bh4 Na4
20.Nxa4 Rxe2 21.Nc3 Re5 22.Rad1 Ra6 23.Bg3 Re7 24.Qxd6 Qxd6 25.Bxd6 Rd7 26.Be5
Ne8 27.Rfe1 f6 28.Bg3 Kf7 29.Rd4 Ra5 30.Rb4 Nd6 31.Rxb6 Nc4 32.Rb4 Rc5 33.Bf2
{ ...1-0, Shulman Yuri 2520 - Stocek Jiri 2470 , Czech Republic 1998 Extra
League 1997/98 } ) 14.Nxc5 dxc5 15.g4 Bg6 16.O-O Qb6 17.Rf2 h5 18.h3 Rfe8
19.Qa4 { ?! } ( 19.g5 { !? } 19...Nh7 20.f4 Bf5 21.Bxh5 c4 22.Be2 Bxh3 23.Bxc4
{ } ) 19...Rad8 20.g5 Nh7 21.f4 Bf5 22.Bxh5 Re1+ 23.Kg2 { ?! } ( 23.Kh2 { !? }
23...c4 24.Rg2 Qd4 25.Qa5 Rde8 26.d6 g6 27.Ne2 R8xe2 { } ) 23...c4 24.Qxc4
Bxh3+ 25.Kg3 Rg1+ 26.Kf3 Nxg5+ { } {#R} 0-1

[Event "It (open)"]
[Site "masterchessopen.com Prague (Czech Republic)"]
[Date "2007.01.12"]
[Round "2"]
[White "Lenhert Steven (GER)"]
[Black "Ninov Nikolai (BUL)"]
[Result "0-1"]
[WhiteElo "2261"]
[BlackElo "2518"]

1.d4 Nf6 2.c4 e6 3.Nc3 Bb4 4.e3 c5 5.Ne2 cxd4 6.exd4 O-O 7.a3 Be7 8.Nf4 b6
9.Be2 Bb7 10.O-O Ne4 11.Nxe4 Bxe4 12.Bf3 Bxf3 13.Qxf3 Nc6 14.d5 Ne5 15.Qe4 Qc7
16.b3 Bd6 17.Nh5 f5 18.Qh4 Ng6 19.Qh3 Be5 20.Ra2 exd5 21.cxd5 Rad8 22.Bd2 f4
23.Qg4 a5 24.h4 a4 25.bxa4 Qc4 26.Raa1 Bxa1 27.Rxa1 Qxd5 28.Bb4 Qf5 29.Qf3
Nxh4 30.Qd1 Rf7 {#R} 0-1

[Event "Tournament"]
[Site "masterchessopen.com Moscow (Russia)"]
[Date "2007.01.16"]
[Round "7"]
[White "Vidyakin Boris A (RUS)"]
[Black "Antipin A (RUS)"]
[Result "0-1"]
[WhiteElo "2038"]
[BlackElo "2214"]

1.d4 Nf6 2.c4 e6 3.Nc3 Bb4 4.e3 c5 5.Ne2 cxd4 6.exd4 d5 7.a3 Be7 8.c5 O-O 9.g3
b6 10.b4 bxc5 11.dxc5 a5 12.Rb1 Nc6 13.Bg2 Rb8 14.Bf4 axb4 15.Bxb8 bxc3 16.Qa4
Nxb8 17.Rxb8 Nd7 18.Ra8 Nxc5 19.Qd4 Qb6 20.Nxc3 Qb7 21.Ra5 Nb3 22.Qa7 Qc6
23.O-O Qxc3 24.Rb5 Nd4 25.Rb8 Bxa3 26.Rfb1 Bd6 27.Ra8 Bc5 28.Qa1 Nf3+ 29.Bxf3
Qxf3 30.Qb2 e5 {#R} 0-1

[Event "Ch France (team) (nat.2) 2006/07"]
[Site "masterchessopen.com France"]
[Date "2007.01.21"]
[Round "6"]
[White "Blery Gilles (FRA)"]
[Black "Sinkovics Peter (HUN)"]
[Result "0-1"]
[WhiteElo "2112"]
[BlackElo "2356"]

1.d4 Nf6 2.c4 e6 3.Nc3 Bb4 4.e3 c5 5.Ne2 cxd4 6.exd4 Ne4 7.a3 Nxc3 8.Nxc3
Bxc3+ 9.bxc3 d5 10.Bd3 dxc4 11.Bxc4 Qc7 12.Qd3 O-O 13.O-O Nd7 14.Bg5 b6 15.Ba2
Bb7 16.Rac1 Rfe8 17.f4 g6 18.f5 exf5 19.Rxf5 gxf5 20.Qxf5 Nf8 21.Rf1 Re6
22.Bf6 Rae8 23.Be5 Qe7 24.h4 Ng6 25.h5 Nxe5 26.dxe5 Rxe5 27.Bxf7+ Kh8 28.Qf4
Qf8 {#R} 0-1

[Event "Ch Ukraine (juniors) (under 20) (g)"]
[Site "masterchessopen.com Lvov (Ukraine)"]
[Date "2007.02.08"]
[Round "7"]
[White "Tsirulnik Anna (UKR)"]
[Black "Chulivska Vita (UKR)"]
[Result "0-1"]
[WhiteElo "1870"]
[BlackElo "2291"]

1.d4 Nf6 2.c4 e6 3.Nc3 Bb4 4.e3 c5 5.Ne2 cxd4 6.exd4 d5 7.a3 Be7 8.Nf4 O-O
9.cxd5 Nxd5 10.Nfxd5 exd5 11.Bd3 Bf6 12.O-O g6 13.Qb3 Bxd4 14.Nxd5 Be6 15.Bc4
Nc6 16.Rd1 Rc8 17.Qa2 Na5 18.Rxd4 Rxc4 19.Rd1 Bxd5 20.b4 Rxc1 {#R} 0-1

[Event "Ch Russia (qual)"]
[Site "masterchessopen.com Rostov on Don (Russia)"]
[Round "1"]
[White "Kruglikov Petr (RUS)"]
[Black "Kuzin Dmitry (RUS)"]
[Result "1-0"]
[WhiteElo "2266"]
[BlackElo "1997"]

1.d4 Nf6 2.c4 e6 3.Nc3 Bb4 4.e3 c5 5.Ne2 b6 6.a3 cxd4 7.axb4 dxc3 8.Nxc3 O-O
9.Be2 Bb7 10.O-O Na6 11.b5 Nc7 12.b3 d5 13.Bb2 Re8 14.Qc2 Qc8 15.Rac1 a6
16.Na4 Nd7 17.Rfd1 dxc4 18.Qxc4 Nd5 19.Qg4 N7f6 20.Rxc8 Nxg4 21.Rxe8+ Rxe8
22.bxa6 Ba8 23.Bxg4 Rc8 24.Bf3 b5 25.Bxd5 Rd8 26.Nb6 Bc6 27.Bf3 {#r} 1-0

[Event "Ch Europe"]
[Site "masterchessopen.com Dresden (Germany)"]
[Date "2007.04.03"]
[Round "1"]
[White "Boettger Lukas (GER)"]
[Black "Sorokin Maxim (RUS)"]
[Result "1-0"]
[WhiteElo "2088"]
[BlackElo "2490"]

1.d4 Nf6 2.c4 e6 3.Nc3 Bb4 4.e3 c5 5.Ne2 cxd4 6.exd4 O-O 7.a3 Be7 8.Nf4 Re8
9.Be2 d6 10.O-O Nbd7 11.Be3 Bf8 12.Qd2 b6 13.f3 Bb7 14.d5 Nc5 15.Bd1 Rc8 16.b4
Ncd7 17.dxe6 fxe6 18.Bb3 Ne5 19.c5 d5 20.cxb6 axb6 21.Na4 Nfd7 22.Rac1 Ra8
23.Rfe1 Bc6 24.Rxc6 Nxc6 25.Nxe6 Qc8 26.Nc7 Bxb4 27.Qxd5+ Kh8 28.Nxe8 {#r} 1-0

[Event "Ch France (juniors) (under 14) (g)"]
[Site "masterchessopen.com Le Grand Bornand (France)"]
[Date "2007.04.15"]
[Round "9"]
[White "Le Bail Arielle (FRA)"]
[Black "Copin Oceane (FRA)"]
[Result "1-0"]
[WhiteElo "1769"]
[BlackElo "1736"]

1.d4 Nf6 2.c4 e6 3.Nc3 Bb4 4.e3 c5 5.Ne2 b6 6.a3 Ba5 7.Rb1 Qe7 8.Bd2 d5 9.dxc5
bxc5 10.Qa4+ Bd7 11.Qxa5 Nc6 12.Qc7 e5 13.Nxd5 Nxd5 14.cxd5 Rc8 15.Qb7 Rb8
16.Qa6 Rb6 17.Qc4 Nb8 18.Nc3 O-O 19.Be2 Qg5 20.Bf3 Na6 21.e4 Qg6 22.Qe2 Nc7
23.O-O Nb5 24.Bh5 Qf6 25.Bg4 Nxc3 26.bxc3 Bxg4 27.Qxg4 Rfb8 28.Rxb6 Qxb6
29.Rc1 Qa6 30.c4 Qxa3 31.Bh6 g6 32.Qg5 Qa6 33.Qxe5 f6 34.Qxb8+ {#r} 1-0

[Event "It \"]
[Site "masterchessopen.com Caerleon (Wales)"]
[Date "2007.07.08"]
[Round "3"]
[White "Cobb James (WLS)"]
[Black "Gibson Christopher (ENG)"]
[Result "1-0"]
[WhiteElo "2417"]
[BlackElo "2032"]

1.d4 Nf6 2.c4 e6 3.Nc3 Bb4 4.e3 c5 5.Ne2 cxd4 6.exd4 d5 7.a3 Be7 8.Nf4 dxc4
9.Bxc4 O-O 10.O-O Nc6 11.Be3 e5 12.dxe5 Nxe5 13.Ba2 Neg4 14.Qf3 Nxe3 15.fxe3
Bg4 16.Qg3 Bc5 17.h3 Bf5 18.Rad1 Qc7 19.Ncd5 Qe5 20.Nxf6+ Qxf6 21.Nh5 Qxb2
22.Rxf5 {#r} 1-0

[Event "It \"]
[Site "masterchessopen.com Ottawa (Canada)"]
[Date "2007.07.13"]
[Round "8"]
[White "Bick John D (USA)"]
[Black "Danilov Alexandr (RUS)"]
[Result "1-0"]
[WhiteElo "2223"]
[BlackElo "2308"]

1.d4 Nf6 2.c4 e6 3.Nc3 Bb4 4.e3 c5 5.Ne2 cxd4 6.exd4 d5 7.a3 Be7 8.Nf4 dxc4
9.Bxc4 O-O 10.O-O Nc6 11.Be3 e5 12.Nfe2 Ng4 13.d5 Nxe3 14.fxe3 Nb8 15.Ne4 Bg4
16.d6 Bg5 17.Nxg5 Qxg5 18.Qd5 Qxe3+ 19.Kh1 Nd7 20.Rxf7 Kh8 21.Ng3 Nb6 22.Raf1
Rg8 23.Qxb7 Qc5 24.Rxg7 Rxg7 25.Qxa8+ {#r} 1-0

[Event "It (open)"]
[Site "masterchessopen.com Montreal (Canada)"]
[Date "2007.07.25"]
[Round "6"]
[White "Hua Lefong (CAN)"]
[Black "Bolduc Steve (CAN)"]
[Result "0-1"]
[WhiteElo "2283"]
[BlackElo "2230"]

1.d4 Nf6 2.c4 e6 3.Nc3 Bb4 4.e3 c5 5.Ne2 b6 6.a3 Ba5 7.Rb1 Na6 8.f3 O-O 9.d5
exd5 10.cxd5 b5 11.e4 d6 12.Be3 Re8 13.Ng3 b4 14.axb4 cxb4 15.Nb5 Bb6 16.Bxb6
Qxb6 17.Qd4 Nc5 18.Rc1 Ba6 19.Nf5 Bxb5 20.Bxb5 Qxb5 21.Nxd6 Nd3+ 22.Kd2 Nxc1
23.Rxc1 Qa5 24.Nxe8 Rxe8 25.Qc5 Qxc5 26.Rxc5 Rxe4 27.Rb5 Re8 {#R} 0-1

[Event "Ch Portugal (qual)"]
[Site "masterchessopen.com Lisbon (Portugal)"]
[Round "0"]
[White "Blalock Rex (USA)"]
[Black "Baptista Ana Filipa (POR)"]
[Result "1-0"]
[WhiteElo "2204"]
[BlackElo "2116"]

1.d4 Nf6 2.c4 e6 3.Nc3 Bb4 4.e3 c5 5.Ne2 b6 6.a3 Bxc3+ 7.Nxc3 cxd4 8.exd4 d5
9.Bg5 Bb7 10.cxd5 exd5 11.Bb5+ Nbd7 12.O-O O-O 13.Bxd7 Qxd7 14.Bxf6 gxf6
15.Qf3 Rac8 16.Rfd1 Rfe8 17.Ne2 Rc2 18.Ng3 Rxb2 19.Nh5 {#r} 1-0

[Event "It (open)"]
[Site "masterchessopen.com Vlissingen (Netherlands)"]
[Date "2007.08.06"]
[Round "4"]
[White "Peralta Fernando (ARG)"]
[Black "Grooten Herman (NED)"]
[Result "1-0"]
[WhiteElo "2546"]
[BlackElo "2350"]

1.d4 Nf6 2.c4 e6 3.Nc3 Bb4 4.e3 c5 5.Ne2 cxd4 6.exd4 O-O 7.a3 Be7 8.d5 exd5
9.cxd5 Bc5 10.b4 Bd6 11.Ng3 Re8+ 12.Be2 Be5 13.Bb2 a5 14.b5 d6 15.O-O Nbd7
16.f4 Bxc3 17.Bxc3 a4 18.Rb1 Nb6 19.Bf3 Bd7 20.Qd4 Qc7 21.Rfc1 Rec8 22.Bb2 Qd8
23.Ne4 Ne8 24.Nxd6 Rxc1+ 25.Rxc1 Qf6 26.Nxb7 Bxb5 27.Qb4 {#r} 1-0

[Event "Landesliga (2nd) East 2007/08"]
[Site "masterchessopen.com Mecklenburg-Vorpommern (Germany)"]
[Date "2007.11.04"]
[Round "2"]
[White "Herzel Alois Dr (GER)"]
[Black "Schreiner Wolfgang"]
[Result "1-0"]
[WhiteElo "1945"]
[BlackElo "1860"]

1.d4 Nf6 2.c4 e6 3.Nc3 Bb4 4.e3 c5 5.Ne2 b6 6.a3 Bxc3+ 7.Nxc3 Bb7 8.f3 Nh5
9.Qc2 cxd4 10.exd4 O-O 11.Bd3 f5 12.O-O Nc6 13.Be3 g6 14.Rad1 Qf6 15.Ne2 f4
16.Bf2 Ne7 17.Qb3 Rab8 18.Nc3 d5 19.Rfe1 Rf7 20.Nb5 Nc8 21.cxd5 Bxd5 22.Bc4
Bxc4 23.Qxc4 Ng7 24.Nc3 Nd6 25.Qb3 Rd8 26.Ne4 Nxe4 27.Rxe4 Rd5 28.Rde1 Rfd7
29.Qc3 g5 30.h3 R7d6 31.Qc8+ Kf7 32.Rc1 Qd8 33.Rc7+ Rd7 34.Qxd8 {#r} 1-0

[Event "Ch Italy"]
[Site "masterchessopen.com Martina Franca (Italy)"]
[Date "2007.12.01"]
[Round "8"]
[White "Garcia Palermo Carlos (ITA)"]
[Black "Contin Daniel (ITA)"]
[Result "1-0"]
[WhiteElo "2459"]
[BlackElo "2318"]

1.d4 e6 2.c4 Nf6 3.Nc3 Bb4 4.e3 c5 5.Ne2 b6 6.a3 Ba5 7.Bd2 Bxc3 8.Bxc3 O-O
9.dxc5 bxc5 10.Ng3 d5 11.Nh5 Nbd7 12.cxd5 exd5 13.Bb5 Nxh5 14.Qxh5 d4 15.exd4
cxd4 16.Bxd4 Nf6 17.Qe5 Bd7 18.Bxd7 Qxd7 19.O-O-O Rfe8 20.Qg3 Qf5 21.Qd3 Qf4+
22.Kb1 Rad8 23.Be3 Qb8 24.Qf5 Rxd1+ 25.Rxd1 Ne4 26.Ka1 Qb3 27.Qd5 Qc2 28.Rc1
Nf6 29.Qxf7+ Kxf7 30.Rxc2 a6 31.Rc7+ Kg6 32.Ra7 Re6 33.Bd4 {#r} 1-0

[Event "Ch France (team) (nat.1) 2007/08"]
[Site "masterchessopen.com France"]
[Date "2007.12.15"]
[Round "4"]
[White "Murey Jacob (ISR)"]
[Black "Petkov Vladimir (BUL)"]
[Result "1-0"]
[WhiteElo "2417"]
[BlackElo "2508"]

1.d4 Nf6 2.c4 e6 3.Nc3 Bb4 4.e3 c5 5.Ne2 cxd4 6.exd4 d5 7.a3 Be7 8.cxd5 exd5
9.g3 O-O 10.Bg2 Nc6 11.O-O Bg4 12.Qd3 Qb6 13.Be3 Rfd8 14.Nf4 Be6 15.b4 a6
16.Nxe6 fxe6 17.Bf3 Kf7 18.Rfe1 Re8 19.Rad1 Nd8 20.Bf4 Rc8 21.Be5 Qc6 22.Rc1
Kg8 23.Qd2 Nf7 24.Bxf6 Bxf6 25.Ne4 Qd7 26.Nc5 Ng5 27.Nxd7 Nxf3+ 28.Kg2 {#r}
1-0

[Event "It (open)"]
[Site "masterchessopen.com Pavlodar (Kazakhstan)"]
[Date "2007.12.19"]
[Round "5"]
[White "Bazilov A (KAZ)"]
[Black "Ibraev Nurlan (KAZ)"]
[Result "0-1"]
[WhiteElo "2248"]
[BlackElo "2468"]

1.d4 Nf6 2.c4 e6 3.Nc3 Bb4 4.e3 c5 5.Ne2 b6 6.a3 Ba5 7.Rb1 Na6 8.Bd2 O-O 9.Qa4
d5 10.cxd5 Bd7 11.Qd1 exd5 12.Nf4 cxd4 13.Ncxd5 Bxd2+ 14.Qxd2 Nxd5 15.Bxa6
Nxf4 16.exf4 Re8+ 17.Kf1 Qf6 18.Bd3 Bf5 19.Rd1 Rad8 20.Bxf5 Qxf5 21.Qd3 Qxf4
22.g3 Qh6 23.Kg2 Qc6+ 24.Qf3 Qc2 25.Rc1 Qxb2 26.Rc7 Qa2 27.Rxa7 d3 28.Rd1 d2
29.Rb7 Rd6 30.a4 h6 31.Ra7 {#R} 0-1

[Event "Ch World (corr.) (final) XXII"]
[Site "masterchessopen.com corr."]
[Round "0"]
[White "Machycek Lubomir (CZE)"]
[Black "Vrkoc David (CZE)"]
[Result "0-1"]
[WhiteElo "2261"]
[BlackElo "2129"]

1.d4 Nf6 2.c4 e6 3.Nc3 Bb4 4.e3 c5 5.Ne2 b6 6.a3 Ba5 7.Rb1 Na6 8.d5 O-O 9.f3
b5 10.cxb5 Nc7 11.b4 cxb4 12.axb4 Bb6 13.d6 Ncd5 14.Qd3 a5 15.bxa5 Bxa5 16.e4
Nxc3 17.Nxc3 Nh5 18.g3 f5 19.Bd2 Bb7 20.Be2 Bb6 21.e5 f4 22.Kd1 Qg5 23.g4 Qxe5
24.gxh5 Rfc8 25.Ne4 Ra4 26.Bc3 Bd4 27.Bb4 Be3 28.Bc3 Qxh5 29.Nd2 Rc5 30.Qc2
Bxd2 31.Kxd2 Ra3 32.b6 Rcxc3 {#R} 0-1

[Event "It (open) (b)"]
[Site "masterchessopen.com Moscow (Russia)"]
[Date "2008.02.08"]
[Round "7"]
[White "Solovyov Anton D (USA)"]
[Black "Andronov Ilya (RUS)"]
[Result "0-1"]
[WhiteElo "2151"]
[BlackElo "2091"]

1.d4 Nf6 2.c4 e6 3.Nc3 Bb4 4.e3 c5 5.Ne2 cxd4 6.exd4 O-O 7.a3 Be7 8.d5 exd5
9.cxd5 Re8 10.g3 Bc5 11.b4 Bb6 12.Bg2 Ng4 13.O-O Qf6 14.Bf4 g5 15.Ne4 Rxe4
16.Bxe4 gxf4 17.Nxf4 d6 18.Rc1 Bd7 19.Bf3 Ne5 20.Be2 Na6 21.Qd2 Nc7 22.Nh5 Qg6
23.Qf4 Nxd5 {#R} 0-1

[Event "Cup Jaguey"]
[Site "masterchessopen.com Matanzas (Cuba)"]
[Date "2008.02.25"]
[Round "14"]
[White "Borges Oliver (CUB)"]
[Black "Gomez Camilo (CUB)"]
[Result "0-1"]
[WhiteElo "2171"]
[BlackElo "2454"]

1.d4 Nf6 2.c4 e6 3.Nc3 Bb4 4.e3 c5 5.Ne2 O-O 6.a3 cxd4 7.exd4 Be7 8.d5 d6
9.dxe6 fxe6 10.Ng3 Nc6 11.Be2 d5 12.O-O Ne5 13.b3 d4 14.Nce4 Nxe4 15.Nxe4 d3
16.Bf3 Bd7 17.Nd2 Nxf3+ 18.Nxf3 Bf6 19.Ra2 Bc6 20.Ne1 Be4 21.Rd2 Bc3 22.Rxd3
Bxd3 23.Nxd3 Bd4 24.Qe2 Qf6 25.Be3 Rad8 26.Re1 Bxe3 27.Qxe3 Rxd3 {#R} 0-1

[Event "It (open)"]
[Site "masterchessopen.com San Sebastian (Spain)"]
[Date "2008.03.21"]
[Round "7"]
[White "Rubio Mejia Luis Ignacio (ESP)"]
[Black "Galarza Cenzano Inigo (ESP)"]
[Result "1-0"]
[WhiteElo "2359"]
[BlackElo "2022"]

1.d4 Nf6 2.c4 e6 3.Nc3 Bb4 4.e3 c5 5.Ne2 d5 6.a3 Bxc3+ 7.Nxc3 cxd4 8.exd4 Nc6
9.c5 e5 10.dxe5 Nxe5 11.Bb5+ Bd7 12.Bxd7+ Qxd7 13.O-O O-O 14.Be3 Nc4 15.Bd4
Nxb2 16.Qc2 Nc4 17.Bxf6 gxf6 18.Rfd1 {#r} 1-0